| 000 | 00940nac a22002897a 4500 | ||
|---|---|---|---|
| 001 | BR9901488 | ||
| 003 | BR-BrBNA | ||
| 005 | 20240105122202.0 | ||
| 008 | 230509b bl.|||m| |||| 00| 0 por d | ||
| 040 |
_aBR-BrBNA _bpor _cBiblioteca Nacional de Agricultura |
||
| 072 | _aL70 | ||
| 090 | _aL70 BR9901488 | ||
| 100 | 1 | _aPassos, R.L.M. de O. | |
| 100 | 1 | _aCamargo, A.J. dos R. | |
| 100 | 1 | _aLizieire, R.S. | |
| 110 | 1 | _aEmpresa de Pesquisa Agropecuaria do Estado do Rio de Janeiro, Niteroi, (Brasil) | |
| 245 | 1 | _aOrganizacao da farmacia na fazenda | |
| 260 | 3 |
_aNiteroi, RJ (Brasil): _c1998. |
|
| 300 | _a12 p. | ||
| 490 |
_aInforme Tecnico - Empresa de Pesquisa Agropecuaria do Estado do Rio de Janeiro (Brazil) _vno. 28 _xISSN 0101-3769 |
||
| 650 | _aFarmacia | ||
| 650 | _aAnimal Domestico | ||
| 650 | _aMedicamento | ||
| 650 | _aVeterinaria | ||
| 909 |
_a202312 _bLúcia Elande _c55 _dLúcia Elande |
||
| 942 |
_2AGRIS _n0 _cMS |
||
| 999 |
_c289678 _d289678 |
||